000 00815nam a2200253 a 4500
001 BRCA_5307
005 20190320205027.0
008 021210s1945----sz-a######---#000-0#ger-#
041 _ager
044 _asz
050 4 _aND552
_b.C47 1945
100 1 _aChristoffel, Ulrich
_913612
245 1 0 _aVon Poussin zu Ingres und Delacroix
_bbetrachtungen über die französische Malerei
_cvon Ulrich Christoffel.
260 _aZürich, Suiza
_bScientia
_cc1945
300 _a174 p.
_bil., 142 láminas
_c26 cm.
500 _aIncluye índice de ilustraciones
500 _aE84
600 1 4 _aPoussin, Nicolas
_d1594-1665
_913613
600 1 4 _aDelacroix, Eugene
_d1798-1863
_913614
600 1 4 _aIngres, Jean Auguste Dominique
_d1780-1867
_913615
650 1 4 _aPintores franceses
_97726
902 _aGFM
942 _2lcc
_cB
999 _c5001
_d5001